1446 1549 1743 1405 1779 1094 1027 1533 1737 1425 1743 1294 1566 1918 1662 1575 1160 1477 1773 1578 1125 1697 1645 1575 1068 1674 1308 1919 1384 1946 1407 1154 1645 1470 1513 1969 1722 1791 1895 1749 1365 1773 1390 1548 1527 1821 1012 1501 1607 1074 1020 1757 1709 1108 1914 1566 1279 1952 1029 1443 1993 1491 1239 1663 1964 1965 1781 1726 1270 1093 1692 1463 1998 1640 1915 1584 1347 1912 1067 1433 1311 1015 1119 1583 1576 1574 1335 1237 1451 1360 1962 1271 1019 1896 1757 1119 1726 1160 1877 BCNSPRNW ULIB Ver.6.0+V

เปลี่ยนเป็นภาษาไทย

Change to English
 แสดงรายละเอียดบรรณานุกรม
  กลับหน้าหลัก

Brief Record : Get Marc (ISO 2709) : E-mail record : QR code < ปิดหน้าต่าง
LEADER : 00000nam 2200000uu 4500
001    13399109817
003     ULIB
008    110411s2546||||th 000 0 tha d
020    9742971927
060 04 WC680^bค127ค 2546
110 1  กรมควบคุมโรค. ^bสำนักโรคติดต่อนำโดยแมลง
245 00 คู่มือปฏิบัติงานควบคุมไข้มาลาเรีย พ.ศ.2546/^cสมศักดิ์ ประจักษ์วงศ์ และคณะ
260    [นนทบุรี] :^bสำนักโรคติดต่อนำโดยแมลง กรมควบคุมโรค กระทรวงสาธารณสุข,^c2546
300    50 หน้า
650  7 มาลาเรีย
700 0  สมศักดิ์ ประจักษ์วงศ์ และคณะ
945    ^p0^l0^i016078
995    ทศพร
999 ^a ใช้งานได้ทุกระบบ
รายการนี้ยังไม่มีแท็ก
คุณยังไม่ได้ล็อกอิน คุณสามารถมีกิจกรรมร่วมกับเว็บไซต์ได้ แต่ต้องล็อกอินก่อน ::
  ล็อกอิน

รายการสื่อสารสนเทศ

ลำดับที่ ประเภท เลขเรียก/บาร์โค้ด สถานที่ สถานะ
- ไม่พบข้อมูล -

รายการใกล้เคียง
    หัวเรื่อง [มาลาเรีย]

BibComment


ยังไม่เคยถูกคอมเมนท์

คอมเมนท์ทรัพยากรรายการนี้
  คอมเมนท์: คู่มือปฏิบัติงานค..


 Copyright 2026. Bcnsprnw @Library